<?xml version="1.0" encoding="UTF-8"?>
<record
    xmlns:xsi="http://www.w3.org/2001/XMLSchema-instance"
    xsi:schemaLocation="http://www.loc.gov/MARC21/slim http://www.loc.gov/standards/marcxml/schema/MARC21slim.xsd"
    xmlns="http://www.loc.gov/MARC21/slim">

  <leader>00200nam a22000857a 4500</leader>
  <controlfield tag="001">1240870</controlfield>
  <controlfield tag="005">20251009154616.0</controlfield>
  <datafield tag="245" ind1=" " ind2=" ">
    <subfield code="a">AFACANLAR &#xC7;ETES&#x130; </subfield>
    <subfield code="c">NESR&#x130;N AYDIN ERDEM </subfield>
  </datafield>
  <datafield tag="260" ind1=" " ind2=" ">
    <subfield code="b">&#xC7;OCUK GEZEGEN&#x130; </subfield>
  </datafield>
  <datafield tag="999" ind1=" " ind2=" ">
    <subfield code="c">1240870</subfield>
    <subfield code="d">1240870</subfield>
  </datafield>
  <datafield tag="952" ind1=" " ind2=" ">
    <subfield code="0">0</subfield>
    <subfield code="1">0</subfield>
    <subfield code="2">ddc</subfield>
    <subfield code="4">0</subfield>
    <subfield code="7">0</subfield>
    <subfield code="a">1052</subfield>
    <subfield code="b">1052</subfield>
    <subfield code="d">2025-10-09</subfield>
    <subfield code="l">2</subfield>
    <subfield code="p">10528869</subfield>
    <subfield code="r">2025-12-15 11:07:44</subfield>
    <subfield code="s">2025-11-17</subfield>
    <subfield code="w">2025-10-09</subfield>
    <subfield code="y">BK</subfield>
  </datafield>
</record>
